Transparent and opaque (Record no. 365041)
[ view plain ]
| 000 -LEADER | |
|---|---|
| fixed length control field | 00554nam a22001817a 4500 |
| 003 - CONTROL NUMBER IDENTIFIER | |
| control field | 0 |
| 005 - DATE AND TIME OF LATEST TRANSACTION | |
| control field | 20230620093906.0 |
| 008 - FIXED-LENGTH DATA ELEMENTS--GENERAL INFORMATION | |
| fixed length control field | 230620b xxu||||| |||| 00| 0 eng d |
| 020 ## - INTERNATIONAL STANDARD BOOK NUMBER | |
| International Standard Book Number | 978-971-9946-00-7 |
| 082 ## - DEWEY DECIMAL CLASSIFICATION NUMBER | |
| Classification number | Fil. 535.3 |
| Item number | .Ro888 2013 |
| 245 ## - TITLE STATEMENT | |
| Title | Transparent and opaque |
| Statement of responsibility, etc | Royston, Angela |
| 260 ## - PUBLICATION, DISTRIBUTION, ETC. (IMPRINT) | |
| Place of publication, distribution, etc | Quezon City |
| Name of publisher, distributor, etc | C&E Publishing, Inc. |
| Date of publication, distribution, etc | C2013 |
| 300 ## - PHYSICAL DESCRIPTION | |
| Extent | 34pp. |
| Other physical details | col. ill. |
| Dimensions | 19cm. |
| 500 ## - GENERAL NOTE | |
| General note | Opacity--Juvenile literature. |
| 500 ## - GENERAL NOTE | |
| General note | Transparency--Juvenile literature. |
| 504 ## - BIBLIOGRAPHY, ETC. NOTE | |
| Bibliography, etc | Includes glossary and index. |
| 942 ## - ADDED ENTRY ELEMENTS (KOHA) | |
| Source of classification or shelving scheme | Dewey Decimal Classification |
| Koha item type | Books |
| Withdrawn status | Lost status | Source of classification or shelving scheme | Damaged status | Home library | Current library | Shelving location | Date acquired | Source of acquisition | Sub Shelving location | Total Checkouts | Full call number | Barcode | Date last seen | Price effective from | Koha item type |
|---|---|---|---|---|---|---|---|---|---|---|---|---|---|---|---|
| Dewey Decimal Classification | Munich Library | Munich Library | Filipiniana Section | 06/20/2023 | Library Fund | Fil. 535.3 Ro888 2013 | M8390 | 06/20/2023 | 06/20/2023 | Books |